Online
Catalog

How to stop smoking / (Record no. 1793)

MARC details
000 -CABECERA
campo de control de longitud fija 00458cam a2200169 a 4500
001 - NÚMERO DE CONTROL
campo de control 000001927
005 - FECHA Y HORA DE LA ÚLTIMA TRANSACCIÓN
campo de control 20200929145747.0
008 - DATOS DE LONGITUD FIJA--INFORMACIÓN GENERAL
campo de control de longitud fija 721114s1951 nyu 000 0 eng
040 ## - FUENTE DE LA CATALOGACIÓN
Centro catalogador/agencia de origen DO-SdBNP
Lengua de catalogación spa
Centro/agencia transcriptor BNPHU
082 ## - NÚMERO DE LA CLASIFICACIÓN DECIMAL DEWEY
Número de clasificación 178.7
Número de documento/Ítem B828h
100 1# - ENTRADA PRINCIPAL--NOMBRE DE PERSONA
Nombre de persona Brean, Herbert
9 (RLIN) 6252
245 10 - MENCIÓN DE TÍTULO
Título How to stop smoking /
Mención de responsabilidad, etc. Herbert Brean.
260 ## - PUBLICACIÓN, DISTRIBUCIÓN, ETC.
Lugar de publicación, distribución, etc. New Yor k :
Nombre del editor, distribuidor, etc. Vanguard,
Fecha de publicación, distribución, etc. 1951.
300 ## - DESCRIPCIÓN FÍSICA
Extensión 96 p. ;
Dimensiones 20 cm.
650 #4 - PUNTO DE ACCESO ADICIONAL DE MATERIA--TÉRMINO DE MATERIA
Término de materia o nombre geográfico como elemento de entrada Hábito de fumar
9 (RLIN) 6253
910 ## - DATOS DE OPCIÓN DEL USUARIO (OCLC)
Datos de opción del usuario En proceso
Holdings
Estado de retiro Estado de pérdida Restricciones de uso No para préstamo Código de colección Localización permanente Ubicación/localización actual Ubicación en estantería Fecha de adquisición Número de inventario Total de préstamos Signatura topográfica completa Código de barras Fecha visto por última vez Precio válido a partir de Tipo de ítem Koha
    Préstamo interno   Monografías: Libros y Folletos General General En catalogación 11.09.2009 LF1   178.7 B828h 1927-10 25.06.2020 25.06.2020 Préstamo interno

Powered by Koha